Paish e Khidmat Rasool (Sallallaho Alaihe Wasallam) (Record no. 324266)

000 -LEADER
fixed length control field 00355 a2200133 4500
001 - CONTROL NUMBER
control field 89193
082 ## - DEWEY DECIMAL CLASSIFICATION NUMBER
Classification number 297.4 RAF
090 ## - LOCALLY ASSIGNED LC-TYPE CALL NUMBER (OCLC); LOCAL CALL NUMBER (RLIN)
-- 42143
-- 42143
100 ## - MAIN ENTRY--PERSONAL NAME
Personal name Ahmed Rafiq Akhtar Professor
245 ## - TITLE STATEMENT
Title Paish e Khidmat Rasool (Sallallaho Alaihe Wasallam)
260 ## - PUBLICATION, DISTRIBUTION, ETC.
Place of publication, distribution, etc. Lahore
Name of publisher, distributor, etc. Sang-e-meel Publications
Date of publication, distribution, etc. 2014
300 ## - PHYSICAL DESCRIPTION
Extent 240p.
500 ## - GENERAL NOTE
General note General Books
942 ## - ADDED ENTRY ELEMENTS (KOHA)
Institution code [OBSOLETE] CAE NUST
Call number prefix 297.4 RAF
Holdings
Withdrawn status Lost status Damaged status Not for loan Collection code Permanent Location Current Location Date acquired Total Checkouts Full call number Barcode Date last seen Price effective from Koha item type
          College of Aeronautical Engineering (CAE) College of Aeronautical Engineering (CAE) 04/03/2017   297.4 RAF CAE86046 04/05/2017 04/05/2017 Book
© 2023 Central Library, National University of Sciences and Technology. All Rights Reserved.